000 00583cam a2200217 4500
001 D937
008 090401t1980 xxu||||| |||| 00| 0 eng d
035 _a(Sirsi) u48981
041 _aeng
050 _a526.982
100 _aSlama, Chester C. (ed)
245 _aManual of photogrammetry
250 _a4th
260 _aFalls Church, Va
_bAmerican Society of Photogrammetry
_c1980
300 _axv. 1056p. 26cm
350 _a23
520 _aSuperceded by 5th ed (ISBN 1570830711)
710 _aAmerican Society of Photogrammetry
_93105
942 _n0
948 _c04/03/1997
999 _c92452
_d92452